000
00297nam a22001217a 4500
999
_c
2415
_d
2415
005
20200914151812.0
008
200914b ||||| |||| 00| 0 eng d
020
_a
0028229967
040
_c
CML
245
_a
World Geography.
_c
Boehm, R.G.
260
_a
New York
_b
McGraw-Hill
_c
1995
942
_2
ddc
_c
BK